[Event "FICGS W-ch st1 g04 email"]
[Site "FICGS email"]
[Date "2011.04.01"]
[Round "1"]
[White "Dineen, Thomas"]
[Black "Huebner, Gerd"]
[Result "1/2-1/2"]
[WhiteElo "2127"]
[BlackElo "2028"]
[PlyCount "128"]
[EventDate "2011.??.??"]
[EventType "tourn (corr)"]
[EventRounds "8"]
[SourceTitle "Corr 2013"]
[Source "ChessBase"]
[SourceDate "2012.11.12"]
[SourceVersion "1"]
[SourceVersionDate "2012.11.12"]
[SourceQuality "1"]

1. d4 Nf6 2. c4 e6 3. Nf3 d5 4. Nc3 Bb4 5. e3 0-0 6. Bd3 c5 7. 0-0 Nc6 8. a3 Bxc3 9. bxc3 Qc7 10. a4 dxc4 11. Bxc4 Rd8 12. Qe2 b6 13. Bb2 Bb7 14. Bd3 Rac8 15. Rfd1 Na5 16. e4 h6 17. Nd2 Ne8 18. h3 Nd6 19. Nf3 Qc6 20. Re1 Qe8 21. Ba3 Bc6 22. dxc5 bxc5 23. Bc2 Bb7 24. Rab1 e5 25. Nh4 Bc6 26. Bxc5 Bxe4 27. Bxd6 Bxc2 28. Qxc2 Rxd6 29. Nf5 Rf6 30. Rb5 Nc4 31. Qd3 Kh8 32. Re2 Qe6 33. g4 Qc6 34. Rd5 Re6 35. Re4 Nb6 36. Rd6 Qxc3 37. Qxc3 Rxc3 38. a5 Nc4 39. Rd7 Nxa5 40. Rxf7 Nc6 41. Rxg7 Rxh3 42. Rc4 Rb3 43. Rc7 Rb6 44. Rc8+ Kh7 45. Kg2 a5 46. Rc7+ Kh8 47. f3 e4 48. fxe4 Ra6 49. Rc1 Rg6 50. Rb1 Rxg4+ 51. Kf3 Ne5+ 52. Kf2 a4 53. Rb8+ Rg8 54. Rbb7 Rgg6 55. Rh7+ Kg8 56. Rhe7 Ng4+ 57. Kf3 Kh8 58. Rh7+ Kg8 59. Rhc7 Kh8 60. Rc8+ Rg8 61. Rxg8+ Kxg8 62. Kxg4 a3 63. Rb8+ Kf7 64. Rb1 a2 1/2-1/2

[Event "FICGS W-ch st1 g04 email"]
[Site "FICGS email"]
[Date "2011.04.01"]
[Round "1"]
[White "Huebner, Gerd"]
[Black "Dsouza, Stanislaus"]
[Result "1-0"]
[WhiteElo "2028"]
[BlackElo "1220"]
[PlyCount "39"]
[EventDate "2011.??.??"]
[EventType "tourn (corr)"]
[EventRounds "8"]
[SourceTitle "Corr 2013"]
[Source "ChessBase"]
[SourceDate "2012.11.12"]
[SourceVersion "1"]
[SourceVersionDate "2012.11.12"]
[SourceQuality "1"]

1. d4 d5 2. c4 c6 3. Nf3 Nf6 4. Qb3 e6 5. Bg5 h6 6. Bxf6 Qxf6 7. Nc3 Bd6 8. e4 0-0 9. e5 Qe7 10. exd6 Qxd6 11. Bd3 Na6 12. c5 Qf4 13. 0-0 f6 14. Rfe1 Kh8 15. Ne2 Qc7 16. Ng3 b5 17. Nh4 e5 18. dxe5 fxe5 19. Rxe5 Qxe5 20. Ng6+ 1-0

[Event "FICGS W-ch st1 g04 email"]
[Site "FICGS email"]
[Date "2011.04.01"]
[Round "1"]
[White "Willoughby, Peter"]
[Black "Huebner, Gerd"]
[Result "0-1"]
[WhiteElo "1357"]
[BlackElo "2028"]
[PlyCount "64"]
[EventDate "2011.??.??"]
[EventType "tourn (corr)"]
[EventRounds "8"]
[SourceTitle "Corr 2013"]
[Source "ChessBase"]
[SourceDate "2012.11.12"]
[SourceVersion "1"]
[SourceVersionDate "2012.11.12"]
[SourceQuality "1"]

1. d4 Nf6 2. g3 c5 3. Bg2 cxd4 4. Nf3 e5 5. 0-0 Nc6 6. Bg5 Qb6 7. b3 d5 8. a4 e4 9. Bxf6 exf3 10. Bxf3 gxf6 11. Bxd5 Be6 12. Bf3 0-0-0 13. Nd2 h5 14. Nc4 Qc7 15. Qd3 Ne5 16. Nxe5 fxe5 17. Rac1 f5 18. c3 Bh6 19. Bxb7+ Kxb7 20. Qb5+ Ka8 21. Rc2 Rb8 22. Qd3 Bxb3 23. Rb2 dxc3 24. Rbb1 e4 25. Qa6 c2 26. Rbc1 Bxc1 27. Rxc1 h4 28. Qg6 hxg3 29. fxg3 Qc5+ 30. Kh1 Rxh2+ 31. Kxh2 Qf2+ 32. Kh3 Rh8+ 0-1

[Event "FICGS rapid A 000099 email"]
[Site "FICGS email"]
[Date "2011.01.20"]
[Round "1"]
[White "Vaduva, Emil Petre"]
[Black "Huebner, Gerd"]
[Result "0-1"]
[WhiteElo "1937"]
[BlackElo "2009"]
[PlyCount "62"]
[EventDate "2011.??.??"]
[EventType "tourn (rapid)"]
[EventRounds "6"]
[SourceTitle "Corr 2013"]
[Source "ChessBase"]
[SourceDate "2012.11.12"]
[SourceVersion "1"]
[SourceVersionDate "2012.11.12"]
[SourceQuality "1"]

1. e4 c5 2. Nf3 d6 3. d4 cxd4 4. Nxd4 Nf6 5. Nc3 Nc6 6. Bg5 e6 7. Qd2 Qb6 8. Nb3 Be7 9. 0-0-0 0-0 10. f3 a6 11. h4 Qc7 12. h5 h6 13. Bxf6 Bxf6 14. Qxd6 Qb6 15. Qc5 Qc7 16. Kb1 b6 17. Qd6 Qb7 18. Qg3 Bxc3 19. bxc3 Bd7 20. Be2 e5 21. Rd6 Be6 22. f4 exf4 23. Qxf4 Rac8 24. Rhd1 Qc7 25. Bxa6 Ra8 26. Bd3 Ne7 27. e5 Qa7 28. Rc6 Qxa2+ 29. Kc1 Nxc6 30. Qe4 Rfd8 31. Nd4 Nxd4 0-1

[Event "FICGS rapid B 000162 email"]
[Site "FICGS email"]
[Date "2010.10.08"]
[Round "1"]
[White "Ropokis, Dimitrios"]
[Black "Huebner, Gerd"]
[Result "0-1"]
[WhiteElo "1738"]
[BlackElo "1800"]
[PlyCount "48"]
[EventDate "2010.??.??"]
[EventType "tourn (rapid)"]
[EventRounds "6"]
[SourceTitle "Corr 2013"]
[Source "ChessBase"]
[SourceDate "2012.11.12"]
[SourceVersion "1"]
[SourceVersionDate "2012.11.12"]
[SourceQuality "1"]

1. e4 c5 2. Nc3 d6 3. f4 g6 4. Nf3 Bg7 5. a4 Nc6 6. Bb5 Bd7 7. 0-0 Nf6 8. d3 0-0 9. h3 a6 10. Bxc6 Bxc6 11. g4 b5 12. b3 Nxe4 13. dxe4 Bxc3 14. axb5 Bxb5 15. Ra2 Bxf1 16. Qxf1 d5 17. exd5 Qxd5 18. Ra4 e5 19. fxe5 Bxe5 20. Be3 Rfe8 21. Kg2 Bc3 22. Bf2 Bb4 23. Qa1 Re2 24. c4 Qe4 0-1

[Event "FICGS class B 000126 email"]
[Site "FICGS email"]
[Date "2010.10.04"]
[Round "1"]
[White "Huebner, Gerd"]
[Black "Colter, Nigel"]
[Result "1-0"]
[WhiteElo "1800"]
[BlackElo "1912"]
[PlyCount "61"]
[EventDate "2010.??.??"]
[EventType "tourn (corr)"]
[EventRounds "4"]
[SourceTitle "Corr 2013"]
[Source "ChessBase"]
[SourceDate "2012.11.12"]
[SourceVersion "1"]
[SourceVersionDate "2012.11.12"]
[SourceQuality "1"]

1. e4 c6 2. d4 d5 3. Nd2 dxe4 4. Nxe4 Bf5 5. Ng3 Bg6 6. h4 h6 7. Nf3 Nd7 8. h5 Bh7 9. Bd3 Bxd3 10. Qxd3 e6 11. Bf4 Qa5+ 12. Bd2 Bb4 13. c3 Be7 14. c4 Qc7 15. 0-0-0 b5 16. c5 Ngf6 17. Kb1 a5 18. Ne4 Nxe4 19. Qxe4 Nf6 20. Qe2 Qd7 21. g4 Qd5 22. Ne5 Qe4+ 23. Qxe4 Nxe4 24. Be3 Ra6 25. f4 a4 26. Kc2 Nf6 27. g5 Nd5 28. Bd2 Bd8 29. gxh6 Rxh6 30. f5 Rh7 31. h6 1-0